000 00485nam a2200169Ia 4500
003 OSt
005 20260311102158.0
008 211028s2013 xx 000 0 und d
040 _cAIMIT LIBRARY
041 _aeng
100 _aShriraj, K S;Prabhu, Aravind.
_g101741
_93851
110 _aR Manimozhi
_93852
245 _aPatient handling modules in healthcare information management system /
260 _aMangalore
_c2013
710 _ai2Soft Technologies
_93853
942 _2ddc
_cPRO
999 _c217372
_d217372